Central Library OPAC University of Rajshahi

Rapid statistical calculations : (Record no. 35296)

MARC details
000 -LEADER
fixed length control field 00763nam a22002531 4500
001 - CONTROL NUMBER
control field 35296
003 - CONTROL NUMBER IDENTIFIER
rucl marc code BD-RjUL
005 - DATE AND TIME OF LATEST TRANSACTION
control field 20211209052309.0
008 - FIXED-LENGTH DATA ELEMENTS--GENERAL INFORMATION
fixed length control field 140522s1959 enka sb 000 0 eng
035 ## - SYSTEM CONTROL NUMBER
System control number (BD-RjUL)35390
System control number (OCoLC)1213043
040 ## - CATALOGING SOURCE
Original cataloging agency DLC
Transcribing agency TxShA
Modifying agency BD-RjUL
Language of cataloging eng
041 ## - LANGUAGE CODE
Language code of text/sound track or separate title eng
082 ## - DEWEY DECIMAL CLASSIFICATION NUMBER
Classification number 519
Author mark and year QUR 1959
100 1# - MAIN ENTRY--PERSONAL NAME
Personal name Quenouille, M. H.
9 (RLIN) 107523
245 10 - TITLE STATEMENT
Title Rapid statistical calculations :
Remainder of title a collection of distribution-free and easy methods of estimation and testing /
Statement of responsibility, etc. M H Quenouille
260 ## - PUBLICATION, DISTRIBUTION, ETC. (IMPRINT)
Place of publication, distribution, etc. London :
Name of publisher, distributor, etc. C. Griffin,
Date of publication, distribution, etc. c1959.
300 ## - PHYSICAL DESCRIPTION
Pagination xv, 35, 35 p. :
Illustrations illus. ;
Size 16 cm.
504 ## - BIBLIOGRAPHY, ETC. NOTE
Bibliography, etc Includes Bibliography.
650 #0 - SUBJECT ADDED ENTRY--TOPICAL TERM
Topical term or geographic name as entry element Statistics.
9 (RLIN) 107524
942 ## - ADDED ENTRY ELEMENTS (KOHA)
Source of classification or shelving scheme Dewey Decimal Classification
Koha item type Books
Holdings
Lost status Source of classification or shelving scheme Damaged status Not for loan Collection code Permanent Location Current Location Shelving location Date acquired Source of acquisition Cost, normal purchase price Total Checkouts Full call number Date last seen Copy number Koha item type
  Dewey Decimal Classification     Non-fiction Central Library, University of Rajshahi Central Library, University of Rajshahi   26/03/1963 Zeitlinger 10.00   519 QUR 1959 22/05/2014 C-2 Books